[Event "Troy (US Am N/3/43)"]
[Site "?"]
[Date "1995.??.??"]
[Round "?"]
[White "Munsell, T."]
[Black "Kim, P."]
[Result "1-0"]
[WhiteElo "1605"]
[BlackElo "1605"]
[PlyCount "109"]
[EventDate "1995.??.??"]

{3/(43)} 1. d4 d5 2. c4 dxc4 3. Nf3 Nf6 4. Nc3 e6 5. e4 c6 6. Bxc4 b5 7. Bd3 b4
8. Ne2 h6 9. O-O Be7 10. Qc2 a5 11. Bf4 c5 12. dxc5 Nc6 13. Rad1 b3 14. Qxb3 e5
15. Bxe5 Be6 16. Qa4 Bd7 17. Bb5 Qc8 18. Ned4 Nb8 19. Bxd7+ Nbxd7 20. Bxf6 Bxf6
21. Rc1 O-O 22. Rc2 Nxc5 23. Qb5 Qd7 24. Qxc5 Rfc8 25. Qd5 Qe8 26. Rxc8 Rxc8
27. Qxa5 Bxd4 28. Nxd4 Ra8 29. Qd5 Rd8 30. Qc4 Rc8 31. Qd3 Rc5 32. f3 Qc8 33.
Nb3 Rg5 34. Rc1 Qh3 35. Qe2 Qh5 36. Qf2 f5 37. exf5 Rxf5 38. Rc5 Rxc5 39. Qxc5
Qh4 40. Qf2 Qa4 41. Qc2 Qa7+ 42. Kf1 Qa6+ 43. Qe2 Qxa2 44. Nd4 Qa1+ 45. Kf2 Qa7
46. Qd2 Qb6 47. g4 Qd8 48. Kg2 Qd5 49. Qd3 h5 50. Qb3 Qf7 51. Qxf7+ Kxf7 52.
gxh5 Kf6 53. b4 Ke5 54. b5 Kd6 55. Kg3 1-0

[Event "Detroit (CMS Jun/1/2/3)"]
[Site "?"]
[Date "1995.??.??"]
[Round "?"]
[White "Munsell, T."]
[Black "Kalmadi, S."]
[Result "1-0"]
[WhiteElo "1605"]
[BlackElo "1605"]
[PlyCount "63"]
[EventDate "1995.??.??"]

{1/2} 1. d4 d6 2. e4 g6 3. Nf3 Bg7 4. Bc4 Nd7 5. Ng5 e6 6. Qf3 Qe7 7. c3 h6 8.
Nh3 b6 9. e5 d5 10. Bb5 Bb7 11. O-O O-O-O 12. Be3 f6 13. exf6 Ngxf6 14. Nd2
Rdf8 15. Qe2 g5 16. a4 c6 17. Ba6 Nb8 18. Bd3 e5 19. Rfe1 e4 20. Bc2 Kc7 21. f3
Qd7 22. fxe4 dxe4 23. Nxe4 Nd5 24. Nhf2 Nf4 25. Bxf4+ gxf4 26. Nd3 Rhg8 27. Rf1
c5 28. dxc5 Qe7 29. cxb6+ axb6 30. Nxf4 Re8 31. Ng3 Qg5 32. Ne6+ 1-0

[Event "Detroit (MI Team/1/3/4)"]
[Site "?"]
[Date "1995.??.??"]
[Round "?"]
[White "Munsell, T."]
[Black "Herron, D."]
[Result "1-0"]
[WhiteElo "1605"]
[BlackElo "1605"]
[PlyCount "115"]
[EventDate "1995.??.??"]

{1/3} 1. d4 d5 2. c4 c6 3. cxd5 cxd5 4. Nc3 e6 5. Bf4 Nc6 6. e3 Nf6 7. Bb5 Be7
8. Bxc6+ bxc6 9. Nf3 O-O 10. Ne5 Bb7 11. O-O Bd6 12. Bg5 h6 13. Bh4 g5 14. Bg3
Bxe5 15. Bxe5 Ba6 16. Re1 Ne4 17. Qa4 Nxc3 18. Qxa6 Qb6 19. Qxb6 axb6 20. bxc3
f6 21. Bg3 h5 22. h3 c5 23. Reb1 Ra3 24. Rxb6 Rxc3 25. dxc5 Rc8 26. Rb8 R3xc5
27. Rxc8+ Rxc8 28. a4 e5 29. a5 Ra8 30. a6 Kf7 31. a7 Ke6 32. h4 g4 33. f3 Kd7
34. fxg4 hxg4 35. h5 Ke7 36. h6 Kf7 37. Bh4 Kg6 38. h7 Kxh7 39. Bxf6 Kg6 40.
Bxe5 Kf5 41. Bd4 Ke4 42. Kf2 g3+ 43. Kxg3 Rg8+ 44. Kh2 Ra8 45. Rb1 Kd3 46. Rb8
Rxa7 47. Bxa7 Kc4 48. g4 Kd3 49. g5 Ke2 50. g6 Kf3 51. g7 d4 52. g8=Q dxe3 53.
Bxe3 Kxe3 54. Rb4 Kd3 55. Qc4+ Kd2 56. Qd4+ Kc1 57. Qf2 Kd1 58. Rb1# 1-0

[Event "Troy (TCC Res/2/18)"]
[Site "?"]
[Date "1995.??.??"]
[Round "?"]
[White "Munsell, T."]
[Black "Cutler, C."]
[Result "0-1"]
[WhiteElo "1605"]
[BlackElo "1605"]
[PlyCount "120"]
[EventDate "1995.??.??"]

{2/(18)} 1. e4 c5 2. Nf3 e6 3. Bb5 a6 4. Ba4 b5 5. Bb3 c4 6. Bxc4 bxc4 7. Ne5
d5 8. Qf3 Nf6 9. exd5 exd5 10. Qe2 Be7 11. b3 cxb3 12. axb3 O-O 13. Qf3 Re8 14.
O-O Qc7 15. Qc3 Bd6 16. Qxc7 Bxc7 17. Nf3 Bb7 18. d4 Nc6 19. Bd2 Bb6 20. c3 Na5
21. Ra2 Bc6 22. b4 Nc4 23. Bf4 h6 24. Ne5 Bb5 25. Re1 Nxe5 26. dxe5 Bc4 27. Rc2
a5 28. Rcc1 Ne4 29. Rc2 a4 30. Na3 Bb3 31. Rb2 Nxc3 32. Bd2 Ne4 33. Be3 d4 34.
Bf4 Nd6 35. Rc1 Nf5 36. Rc6 Ba7 37. Nb5 Bb8 38. g4 Ne7 39. Rc1 Nd5 40. Bd2 Bxe5
41. Rc5 Nf6 42. f4 Ne4 43. Rxe5 Rxe5 44. fxe5 a3 45. Nxa3 Rxa3 46. b5 Nxd2 47.
Rxd2 Ra4 48. b6 Bd5 49. Rb2 Ra8 50. Kf2 Kf8 51. b7 Rb8 52. Ke2 Bxb7 53. Kd3
Be4+ 54. Kxe4 Rxb2 55. Kxd4 Ke7 56. Kd5 Rxh2 57. Ke4 Ke6 58. Kf4 g5+ 59. Kg3
Re2 60. Kf3 Rxe5 0-1

[Event "Grand Rapids (MI Am/1/41)"]
[Site "?"]
[Date "1995.??.??"]
[Round "?"]
[White "Moulter, Art"]
[Black "Nemecek, A."]
[Result "1-0"]
[WhiteElo "1605"]
[BlackElo "1605"]
[PlyCount "97"]
[EventDate "1995.??.??"]

{1/(41)} 1. Nf3 Nf6 2. d4 d5 3. c3 Bf5 4. Bf4 Nc6 5. e3 e6 6. Qb3 b6 7. Bb5 Rb8
8. Bxc6+ Nd7 9. Ne5 Bd6 10. Bxd7+ Kf8 11. Nc6 Qxd7 12. Nxb8 Qd8 13. Nc6 Qh4 14.
Bxd6+ cxd6 15. Qb4 g6 16. Qxd6+ Kg7 17. Nd2 Qg4 18. Qg3 Qh5 19. Nf3 Bd3 20.
Qe5+ Qxe5 21. Nfxe5 Ba6 22. Nxa7 f6 23. Nf3 Re8 24. a4 e5 25. b4 Ra8 26. Nc6
Bb7 27. b5 Bxc6 28. bxc6 Rc8 29. Kd2 Rxc6 30. Rhb1 g5 31. a5 bxa5 32. Rxa5 e4
33. Ne1 f5 34. f3 f4 35. Rxd5 Rg6 36. Rbb5 h6 37. Rb7+ Kh8 38. Rd8+ Rg8 39.
Rxg8+ Kxg8 40. c4 Kf8 41. d5 Ke8 42. c5 Kd8 43. d6 Ke8 44. c6 h5 45. Nc2 g4 46.
exf4 gxf3 47. gxf3 exf3 48. Ke1 Kd8 49. f5 1-0

[Event "Grand Rapids (MI Am/3/29)"]
[Site "?"]
[Date "1995.??.??"]
[Round "?"]
[White "Moulter, Art"]
[Black "Hammond, M."]
[Result "0-1"]
[WhiteElo "1605"]
[BlackElo "1605"]
[PlyCount "76"]
[EventDate "1995.??.??"]

{3/(29)} 1. Nf3 c5 2. e4 Nc6 3. d4 cxd4 4. Nxd4 e5 5. Nb3 Nf6 6. Nc3 Bb4 7. Bd3
O-O 8. Bg5 h6 9. Bh4 Bxc3+ 10. bxc3 b6 11. O-O Bb7 12. f4 exf4 13. Rxf4 g5 14.
Bxg5 hxg5 15. Rf3 Ne5 16. Re3 Rc8 17. Qd2 Nxd3 18. Qxd3 Re8 19. Rae1 Kg7 20.
Nd4 Rh8 21. Nf5+ Kg8 22. Qd6 Rc4 23. e5 Nd5 24. Rg3 Rf4 25. Nd4 Rfh4 26. Nf3
R4h5 27. c4 Nf4 28. Rd1 Ne2+ 29. Kf2 Nxg3 30. Kxg3 Bxf3 31. Kxf3 Rxh2 32. Kf2
Qa8 33. Rg1 Qe4 34. Qd3 Qxd3 35. cxd3 Rh1 36. d4 Rxg1 37. Kxg1 Rh4 38. d5 Rxc4
0-1

[Event "Grand Rapids (MI Am/5/32)"]
[Site "?"]
[Date "1995.??.??"]
[Round "?"]
[White "Moulter, Al"]
[Black "Lueer, Michael"]
[Result "1-0"]
[WhiteElo "1605"]
[BlackElo "1605"]
[PlyCount "63"]
[EventDate "1995.??.??"]

{5/(32)} 1. Nc3 g6 2. e4 Bg7 3. d4 d6 4. Bc4 Be6 5. Bxe6 fxe6 6. Be3 Nc6 7. Qd2
Nf6 8. Nf3 d5 9. e5 Ne4 10. Nxe4 dxe4 11. Ng5 Qd7 12. Nxe4 O-O-O 13. O-O-O Qd5
14. Nc3 Qxg2 15. Rdg1 Qf3 16. Rg3 Qf7 17. a3 Nxe5 18. Qe2 Nc6 19. Rf3 Qe8 20.
Rd1 Bxd4 21. Nb5 Bxe3+ 22. Qxe3 Rxd1+ 23. Kxd1 Qd7+ 24. Kc1 Rd8 25. b3 Qd1+ 26.
Kb2 Rd2 27. Qxe6+ Kb8 28. Rf8+ Nd8 29. Qc4 c6 30. Qf4+ Ka8 31. Nc7+ Kb8 32.
Na6+ 1-0

[Event "Grand Rapids (MI Am/2/35)"]
[Site "?"]
[Date "1995.??.??"]
[Round "?"]
[White "Moulter, Al"]
[Black "Evans Jr., Thomas"]
[Result "1-0"]
[WhiteElo "1605"]
[BlackElo "1605"]
[PlyCount "109"]
[EventDate "1995.??.??"]

{2/(35)} 1. b3 d5 2. Bb2 Bf5 3. d3 Nc6 4. h3 e5 5. e3 Nf6 6. d4 Bd6 7. Bb5 Nd7
8. Bxc6 bxc6 9. Nc3 Qg5 10. g3 Qg6 11. Qe2 Bxc2 12. g4 Bb4 13. Rc1 Qe4 14. f3
Qd3 15. Rxc2 Qxe2+ 16. Ngxe2 O-O 17. a3 Be7 18. O-O c5 19. Nxd5 Bd6 20. dxe5
Bxe5 21. Bxe5 Nxe5 22. Rxc5 Rab8 23. Ne7+ Kh8 24. Rxe5 Rxb3 25. a4 g6 26. Kg2
Rb2 27. Rf2 Rc2 28. Nd4 Rc4 29. a5 c5 30. Rc2 Rxc2+ 31. Nxc2 c4 32. Rc5 Re8 33.
Nc6 Kg7 34. Rxc4 a6 35. e4 Kf6 36. Rc5 Rh8 37. N2b4 Ra8 38. Kg3 g5 39. Nd4 Kg7
40. Rxg5+ Kf8 41. Rc5 Ke7 42. Rc6 Kd7 43. Nxa6 Ra7 44. Nc5+ Ke7 45. a6 Kd8 46.
Nb5 Ra8 47. a7 Ke8 48. Nc7+ Ke7 49. Nxa8 Kd8 50. Nb6 Ke8 51. a8=Q+ Ke7 52. Qa7+
Kf8 53. Rf6 Ke8 54. Qxf7+ Kd8 55. Qd7# 1-0

[Event "East Lansing (MI Op/5/14)"]
[Site "?"]
[Date "1995.??.??"]
[Round "?"]
[White "Morris, Jewell"]
[Black "Smith, Walt"]
[Result "0-1"]
[WhiteElo "1840"]
[BlackElo "2045"]
[PlyCount "64"]
[EventDate "1995.??.??"]

{5/(14)} 1. e4 c5 2. Nf3 Nc6 3. d4 cxd4 4. Nxd4 Nf6 5. Nc3 g6 6. f3 Bg7 7. Be3
O-O 8. Qd2 d5 9. exd5 Nxd5 10. Nxc6 bxc6 11. Bd4 e5 12. Bc5 Nxc3 13. Bxf8 Qxf8
14. Qxc3 e4 15. Qb3 Be6 16. Qe3 Qb4+ 17. c3 Qxb2 18. Rc1 exf3 19. gxf3 Rd8 20.
Be2 Bf6 21. h4 Bd5 22. Kf2 Bc4 23. h5 Bxe2 24. Qxe2 Rd2 25. Rce1 Bxc3 26. hxg6
hxg6 27. Qxd2 Qxd2+ 28. Re2 Qd4+ 29. Kg3 Qd5 30. Kf2 Bd4+ 31. Kg2 Qg5+ 32. Kf1
Qg3 0-1

[Event "East Lansing (MI Op/2/26)"]
[Site "?"]
[Date "1995.??.??"]
[Round "?"]
[White "Morris, Jewell"]
[Black "Robbins, Fred"]
[Result "1-0"]
[WhiteElo "1840"]
[BlackElo "1990"]
[PlyCount "83"]
[EventDate "1995.??.??"]

{2/(26)} 1. e4 Nf6 2. e5 Nd5 3. d4 d6 4. c4 Nb6 5. Nf3 Bg4 6. Bf4 e6 7. Be2 Be7
8. Nc3 N8d7 9. Rc1 O-O 10. O-O Bxf3 11. Bxf3 dxe5 12. dxe5 Nxc4 13. Qe2 Na5 14.
Rfd1 c6 15. Qe4 c5 16. Qa4 Nc6 17. Bxc6 bxc6 18. Qxc6 Nb6 19. Rxd8 Rfxd8 20.
Rd1 Rxd1+ 21. Nxd1 Rd8 22. Nc3 Nd5 23. g3 h6 24. Ne4 Nb4 25. Qa4 Nd3 26. Qxa7
Bf8 27. Qc7 Re8 28. Nd6 Re7 29. Qb6 Rd7 30. Qb5 Rxd6 31. exd6 Nxf4 32. gxf4
Bxd6 33. Qe8+ Bf8 34. a4 g6 35. a5 Kg7 36. a6 Bd6 37. a7 Bxf4 38. a8=Q g5 39.
Qh8+ Kg6 40. Qag8+ Kf5 41. Qxf7+ Kg4 42. Qxe6+ 1-0

[Event "Troy (US Am N/5/17)"]
[Site "?"]
[Date "1995.??.??"]
[Round "?"]
[White "Morris, Jewell"]
[Black "Quander, K."]
[Result "1/2-1/2"]
[WhiteElo "1850"]
[BlackElo "1605"]
[PlyCount "104"]
[EventDate "1995.??.??"]

{5/(17)} 1. e4 e6 2. d4 d5 3. Nc3 Bb4 4. Nge2 dxe4 5. a3 Bxc3+ 6. Nxc3 Nf6 7.
Bg5 Nc6 8. Bb5 Bd7 9. Nxe4 Qe7 10. Qd3 O-O-O 11. O-O-O Kb8 12. Nc5 Qd6 13. Ba6
Bc8 14. Bxb7 Bxb7 15. Qb5 Na5 16. Qxa5 Bxg2 17. Bxf6 gxf6 18. Qb5+ Qb6 19. Nd7+
Rxd7 20. Qxd7 Bxh1 21. Rxh1 Qd6 22. Qb5+ Qb6 23. Qd3 Qd6 24. Qf3 Qxd4 25. Rd1
Qe5 26. Kb1 f5 27. Rd3 Qe4 28. Rb3+ Kc8 29. Qc3 Rd8 30. f3 Qd4 31. Qc6 Rd6 32.
Qe8+ Rd8 33. Qxf7 Qd7 34. Qf6 Qd1+ 35. Ka2 Qd5 36. Qh4 Qd2 37. Qc4 Qd5 38. Qh4
Qd2 39. Rc3 Qd5+ 40. b3 Qd7 41. Rd3 Qe8 42. Rxd8+ Qxd8 43. Qxh7 Qd2 44. Qh8+
Kb7 45. Kb2 Qf2 46. h4 Qxf3 47. h5 Qh3 48. h6 f4 49. h7 f3 50. Qg8 f2 51. h8=Q
Qxh8+ 52. Qxh8 f1=Q 1/2-1/2

[Event "East Lansing (MI Op/6/16)"]
[Site "?"]
[Date "1995.??.??"]
[Round "?"]
[White "Morris, Jewell"]
[Black "Kende, M."]
[Result "1/2-1/2"]
[WhiteElo "1840"]
[BlackElo "2015"]
[PlyCount "101"]
[EventDate "1995.??.??"]

{6/(16)} 1. e4 c5 2. Nf3 Nc6 3. d4 cxd4 4. Nxd4 g6 5. Be3 Bg7 6. Nc3 Nf6 7. f3
O-O 8. Qd2 d5 9. exd5 Nxd5 10. Nxd5 Qxd5 11. c4 Qd6 12. Rd1 Nxd4 13. Bxd4 e5
14. Bc3 Qf6 15. Bd3 Bf5 16. O-O Rfd8 17. Qe3 Bxd3 18. Rxd3 Rxd3 19. Qxd3 Qb6+
20. Kh1 Rd8 21. Qe2 Qd6 22. h3 f6 23. a3 Bh6 24. Qe4 Qd3 25. Qxd3 Rxd3 26. Rf2
Bf4 27. Re2 Kf7 28. Kg1 Be3+ 29. Kf1 Bd4 30. Bxd4 exd4 31. Ke1 f5 32. Rd2 Rb3
33. Kd1 d3 34. Kc1 a5 35. a4 Ke6 36. Kb1 Rb4 37. Rxd3 Rxc4 38. Rb3 Rb4 39. Rxb4
axb4 40. Kc2 Ke5 41. g3 f4 42. g4 Kd4 43. Kd2 g5 44. a5 Kc4 45. Kc2 b3+ 46. Kd2
Kb4 47. Kd3 Kxa5 48. Kc4 Ka4 49. Kc3 b5 50. Kd4 Ka5 51. Kc5 1/2-1/2

[Event "Troy (US Am N/3/33)"]
[Site "?"]
[Date "1995.??.??"]
[Round "?"]
[White "Morris, Jewell"]
[Black "Juntunen, Michael"]
[Result "1-0"]
[WhiteElo "1850"]
[BlackElo "1605"]
[PlyCount "41"]
[EventDate "1995.??.??"]

{3/(33)} 1. e4 e5 2. Nf3 Nc6 3. Bb5 a6 4. Ba4 b5 5. Bb3 Bc5 6. c3 Nf6 7. O-O
O-O 8. d4 exd4 9. cxd4 Bb6 10. Bg5 d6 11. Bd5 Bb7 12. Nc3 Qc8 13. Bxf6 gxf6 14.
Qd2 Kg7 15. Ne2 Ne7 16. Bxb7 Qxb7 17. Ng3 Kh8 18. Qh6 Ng8 19. Qh4 c6 20. Nf5
Qd7 21. Qg4 1-0

[Event "Troy (US Am N/2/1)"]
[Site "?"]
[Date "1995.??.??"]
[Round "?"]
[White "Morris, Jewell"]
[Black "Dowling, Jo"]
[Result "0-1"]
[WhiteElo "1850"]
[BlackElo "2195"]
[PlyCount "66"]
[EventDate "1995.??.??"]

{2/(1)} 1. e4 e6 2. d4 d5 3. e5 Ne7 4. Nf3 Nf5 5. Bd3 c5 6. Bxf5 exf5 7. c3 Be6
8. Be3 c4 9. Nbd2 b5 10. a3 Nc6 11. O-O Be7 12. Re1 g5 13. Nf1 f4 14. Bc1 a5
15. h3 a4 16. N3h2 h5 17. Nd2 Qd7 18. Ndf1 Na5 19. Nd2 O-O-O 20. Qf3 Rdg8 21.
Nhf1 Rg7 22. Nh2 g4 23. hxg4 hxg4 24. Qxf4 Bg5 25. Qg3 Bh4 26. Qf4 g3 27. fxg3
Bxg3 28. Qf6 Bxh2+ 29. Kf1 Rhg8 30. Ke2 Bg3 31. Qh6 Rg6 32. Qe3 Bf5 33. Nf3 Nb3
0-1

[Event "Gaylord (NMO/2/10)"]
[Site "?"]
[Date "1995.??.??"]
[Round "?"]
[White "Morio, J."]
[Black "Smalec, John"]
[Result "0-1"]
[WhiteElo "1605"]
[BlackElo "1715"]
[PlyCount "56"]
[EventDate "1995.??.??"]

{2/(10)} 1. e4 e6 2. d4 d5 3. exd5 exd5 4. Nc3 Bb4 5. Bd2 Nf6 6. Qe2+ Be6 7.
Qb5+ Nc6 8. Qxb7 Bd7 9. Bb5 Rb8 10. Qa6 Rb6 11. Qa4 O-O 12. a3 Re8+ 13. Nge2
Bxc3 14. Bxc3 Rxb5 15. O-O-O Qb8 16. Rhe1 Ne4 17. b4 a5 18. Qb3 axb4 19. Bxb4
Nxb4 20. axb4 Rxb4 21. Qa2 Ra4 22. Qb3 Qa8 23. c3 Rb8 24. Qxb8+ Qxb8 25. Kc2
Ra2+ 26. Kd3 Nxf2+ 27. Ke3 Nxd1+ 28. Rxd1 Qe8+ 0-1

[Event "Gaylord (NMO/5/16)"]
[Site "?"]
[Date "1995.??.??"]
[Round "?"]
[White "Morio, J."]
[Black "McNamara, Ron"]
[Result "1-0"]
[WhiteElo "1605"]
[BlackElo "1605"]
[PlyCount "59"]
[EventDate "1995.??.??"]

{5/(16)} 1. e4 d5 2. exd5 Nf6 3. d4 Nxd5 4. Nf3 Bf5 5. Bd3 Qd7 6. Bxf5 Qxf5 7.
O-O Nb4 8. a3 Nxc2 9. Ra2 Nxd4 10. Qxd4 Nc6 11. Qc4 Qxb1 12. Be3 Qf5 13. b4 a6
14. Rd2 g6 15. Nd4 Qe4 16. Re1 e5 17. f3 Qh4 18. Bf2 Qf6 19. Nxc6 bxc6 20. Bg3
Rg8 21. Bxe5 Qe6 22. Bg3 Qxe1+ 23. Bxe1 Rd8 24. Qxc6+ Ke7 25. Bh4+ g5 26. Qxc7+
Kf6 27. Qxd8+ Kg7 28. Bxg5 Bc5+ 29. bxc5 Rxd8 30. Rxd8 $138 1-0

[Event "Gaylord (NMO/3/15)"]
[Site "?"]
[Date "1995.??.??"]
[Round "?"]
[White "Morio, J."]
[Black "Marson, Michael"]
[Result "0-1"]
[WhiteElo "1605"]
[BlackElo "1605"]
[PlyCount "70"]
[EventDate "1995.??.??"]

{3/(15)} 1. e4 e6 2. d4 d5 3. Nc3 Nf6 4. Bg5 Bb4 5. Qd3 dxe4 6. Qc4 Nc6 7.
O-O-O O-O 8. d5 Bxc3 9. Qxc3 exd5 10. Bxf6 Qxf6 11. Qxf6 gxf6 12. Ne2 Be6 13.
Nf4 a6 14. Nxd5 Bxd5 15. Rxd5 Rad8 16. Rxd8 Rxd8 17. Be2 Nd4 18. Bh5 Ne6 19.
Rd1 Rxd1+ 20. Bxd1 Nf4 21. g3 Nh3 22. f3 f5 23. fxe4 fxe4 24. Kd2 f5 25. Ke3
Kg7 26. g4 f4+ 27. Ke2 Kg6 28. Kf1 f3 29. c3 Kg5 30. Bc2 Kf4 31. g5 Nxg5 32.
Bd1 e3 33. a4 Ne4 34. Bc2 Nd2+ 35. Ke1 f2+ 0-1

[Event "Troy (US Am N/1/27)"]
[Site "?"]
[Date "1995.??.??"]
[Round "?"]
[White "Morabito, Matthew"]
[Black "Williams, C."]
[Result "0-1"]
[WhiteElo "1865"]
[BlackElo "1605"]
[PlyCount "64"]
[EventDate "1995.??.??"]

{1/(27)} 1. e4 d5 2. exd5 Nf6 3. Nf3 Bg4 4. Bb5+ Nbd7 5. h3 Bf5 6. g4 Be4 7. c4
a6 8. Bxd7+ Qxd7 9. Nc3 e6 10. d3 Bg6 11. Ne5 Qd6 12. Bf4 exd5 13. Nxg6 Qe6+
14. Ne5 dxc4 15. O-O O-O-O 16. Nxc4 h5 17. Re1 Qd7 18. Ne5 Qd4 19. Qf3 Bd6 20.
Nxf7 hxg4 21. Nxd6+ cxd6 22. hxg4 Rh4 23. Re7 Rxg4+ 24. Kf1 Qb4 25. Rc1 Kb8 26.
Bd2 d5 27. Nxd5 Qxd2 28. Rcc7 Rxd5 29. Rxb7+ Kc8 30. Rec7+ Kd8 31. Qxg4 Nxg4
32. Rxg7 Qxf2# 0-1

[Event "Eastpointe (MCO/6/15)"]
[Site "?"]
[Date "1995.??.??"]
[Round "?"]
[White "Morabito, Matthew"]
[Black "Sattler, Peter"]
[Result "1-0"]
[WhiteElo "1850"]
[BlackElo "1725"]
[PlyCount "139"]
[EventDate "1995.??.??"]

{6/(15)} 1. e4 c5 2. Nf3 Nc6 3. d4 cxd4 4. Nxd4 Nf6 5. Nc3 a6 6. Bc4 e6 7. Bb3
Bb4 8. Nxc6 bxc6 9. Bg5 Be7 10. Qd2 O-O 11. O-O-O h6 12. Bf4 d5 13. Kb1 dxe4
14. Qe2 Nd5 15. Be5 e3 16. Nxd5 cxd5 17. Qxe3 Bf6 18. c4 Bxe5 19. Qxe5 Qb6 20.
cxd5 exd5 21. Bxd5 Rb8 22. Rd2 Be6 23. Bxe6 fxe6 24. f3 Rf5 25. Qd6 Rb5 26.
Qxb6 R5xb6 27. Rc1 Kf7 28. Rc7+ Kf6 29. b3 a5 30. Ra7 Rb5 31. Rdd7 g6 32. Ra6
Re5 33. Rd2 Rc8 34. Kb2 g5 35. Rad6 Rb8 36. R6d4 Reb5 37. Re4 h5 38. Rd6 Re8
39. g3 Kf5 40. Re2 a4 41. Ra6 axb3 42. axb3 e5 43. Ra4 Reb8 44. Re3 Rd8 45.
Rae4 Rd2+ 46. Kc3 Rxh2 47. Kc4 Ra5 48. b4 Rc2+ 49. Kb3 Raa2 50. Rxe5+ Kf6 51.
Re6+ Kf7 52. R6e4 Rab2+ 53. Ka4 Rg2 54. f4 g4 55. Kb5 Rbf2 56. Re7+ Kf8 57. Rh7
Rf3 58. Ree7 Rgxg3 59. Ra7 Kg8 60. Rhg7+ Kh8 61. Rgf7 Kg8 62. f5 h4 63. f6 Rf5+
64. Ka4 Rxf6 65. Rxf6 h3 66. Rd6 Rf3 67. Rg6+ Kf8 68. Rxg4 h2 69. Rh4 Rf2 70.
Rh8# 1-0

[Event "Troy (US Am N/3/32)"]
[Site "?"]
[Date "1995.??.??"]
[Round "?"]
[White "Morabito, Matthew"]
[Black "Martell, Raul"]
[Result "1-0"]
[WhiteElo "1860"]
[BlackElo "1605"]
[PlyCount "37"]
[EventDate "1995.??.??"]

{3/(32)} 1. e4 e5 2. Nf3 Nc6 3. Bb5 Nge7 4. O-O a6 5. Ba4 b5 6. Bb3 d5 7. exd5
Nxd5 8. d4 exd4 9. Nxd4 Bb7 10. Re1+ Be7 11. Nf5 Nb6 12. Nxg7+ Kf8 13. Qh5 Nc4
14. Bh6 Qd7 15. Nc3 Rg8 16. Rad1 Qc8 17. Ne6+ Ke8 18. Bxc4 bxc4 19. Nd5 1-0

[Event "Eastpointe (MCO/5/7)"]
[Site "?"]
[Date "1995.??.??"]
[Round "?"]
[White "Morabito, Matthew"]
[Black "Clark, K."]
[Result "0-1"]
[WhiteElo "1850"]
[BlackElo "2055"]
[PlyCount "74"]
[EventDate "1995.??.??"]

{5/(7)} 1. e4 e5 2. Nf3 Nf6 3. Nc3 Bb4 4. Bc4 Nc6 5. d3 O-O 6. O-O Bxc3 7. bxc3
d5 8. exd5 Nxd5 9. Ng5 Na5 10. Bxd5 Qxd5 11. Re1 f6 12. Ne4 b6 13. c4 Qf7 14.
Re3 Rd8 15. Rg3 Kh8 16. Qe2 Bf5 17. Bd2 Nc6 18. Bc3 Rd7 19. Rf1 Re8 20. f4 Nd4
21. Bxd4 exd4 22. Qf3 Bxe4 23. dxe4 Qxc4 24. Rh3 Rde7 25. e5 fxe5 26. Qh5 h6
27. fxe5 Rxe5 28. Qg6 Qe6 29. Rg3 Qxg6 30. Rxg6 Re1 31. Rc6 Rxf1+ 32. Kxf1 Re7
33. a4 a5 34. Rc4 c5 35. c3 dxc3 36. Rxc3 Re4 37. Rb3 Rb4 0-1

[Event "Eastpointe (MCO/2/3)"]
[Site "?"]
[Date "1995.??.??"]
[Round "?"]
[White "Morabito, Matthew"]
[Black "Brooks, John"]
[Result "0-1"]
[WhiteElo "1850"]
[BlackElo "2200"]
[PlyCount "90"]
[EventDate "1995.??.??"]

{2/(3)} 1. e4 c5 2. Nf3 e6 3. d4 cxd4 4. Nxd4 Nf6 5. Be3 Nxe4 6. Be2 Bb4+ 7. c3
Be7 8. Nd2 Nxd2 9. Qxd2 d5 10. O-O O-O 11. Rad1 a6 12. f4 Nd7 13. f5 Nf6 14.
fxe6 fxe6 15. Qc2 Bd7 16. Qb3 b5 17. Rf2 Ne4 18. Rxf8+ Bxf8 19. Nf3 Bc5 20.
Bxc5 Nxc5 21. Qb4 Qb6 22. Qd4 Rb8 23. Ne5 Be8 24. Bf3 Na4 25. Qxb6 Rxb6 26. Rd2
Kf8 27. Nd3 Bg6 28. Ne5 Be8 29. Nd3 Ke7 30. Bd1 Bg6 31. Nf4 Be4 32. Bxa4 bxa4
33. Kf2 g5 34. Ne2 h5 35. g3 Rb8 36. Nd4 Rf8+ 37. Ke1 e5 38. Nc6+ Ke6 39. Nb4
a5 40. Nc6 Ra8 41. Rf2 d4 42. cxd4 Bxc6 43. dxe5 Kxe5 44. a3 Rd8 45. Re2+ Be4
0-1

[Event "Troy (US Am N/5/16)"]
[Site "?"]
[Date "1995.??.??"]
[Round "?"]
[White "Morabito, Matthew"]
[Black "Barta, Roger"]
[Result "0-1"]
[WhiteElo "1865"]
[BlackElo "1605"]
[PlyCount "134"]
[EventDate "1995.??.??"]

{5/(16)} 1. e4 e6 2. d4 d5 3. e5 c5 4. c3 Nc6 5. Nf3 Qb6 6. a3 c4 7. Nbd2 Bd7
8. b4 f6 9. exf6 Nxf6 10. Be2 Bd6 11. O-O O-O-O 12. Re1 e5 13. dxe5 Nxe5 14.
Nd4 Qc7 15. Nf1 Rde8 16. a4 Rhf8 17. Be3 a6 18. b5 Neg4 19. bxa6 bxa6 20. Nf3
Nxe3 21. Nxe3 Bc6 22. Nf5 Ne4 23. Nxd6+ Qxd6 24. Qd4 Qc5 25. Qxc5 Nxc5 26. Nd4
Bxa4 27. Bg4+ Kc7 28. h3 Rxe1+ 29. Rxe1 Re8 30. Ra1 Bb5 31. Bf3 Kb6 32. Bxd5 a5
33. Rb1 Nb3 34. Nxb3 cxb3 35. Bxb3 Kc5 36. Ra1 Ra8 37. Re1 a4 38. Ba2 Bc4 39.
Bb1 h6 40. Re7 Ra6 41. Rxg7 a3 42. f3 Rb6 43. Be4 a2 44. Rc7+ Kb5 45. Ra7 Ra6
46. Rb7+ Ka5 47. Rb1 axb1=Q+ 48. Bxb1 Kb5 49. Kf2 Kc5 50. g4 Ra3 51. Be4 Rxc3
52. Kg3 Bd5 53. Kf4 Bxe4 54. Kxe4 Kd6 55. h4 Ke6 56. f4 Rc4+ 57. Kf3 Kf6 58. h5
Rc5 59. Kg3 Kg7 60. Kh4 Kh7 61. g5 Kg7 62. Kg4 Rc1 63. Kf5 Rf1 64. g6 Re1 65.
Kg4 Kf6 66. Kf3 Kf5 67. Kf2 Re4 0-1

[Event "Flint (MI Senior/1/6)"]
[Site "?"]
[Date "1995.??.??"]
[Round "?"]
[White "Moore, Robert"]
[Black "Williams, C."]
[Result "1-0"]
[WhiteElo "1700"]
[BlackElo "1605"]
[PlyCount "71"]
[EventDate "1995.??.??"]

{1/(6)} 1. e4 d5 2. exd5 Nf6 3. Nf3 Bg4 4. Be2 Nxd5 5. d4 Nc6 6. O-O h6 7. h3
Bf5 8. a3 e6 9. c4 Nf6 10. Nc3 g5 11. Be3 Bg7 12. Bd3 Bxd3 13. Qxd3 Qe7 14. Qc2
g4 15. hxg4 Nxg4 16. Qe4 f5 17. Qc2 Nxe3 18. fxe3 h5 19. Ne2 Bh6 20. Qc3 O-O-O
21. b4 Rdg8 22. Kf2 h4 23. Rh1 Qg7 24. Rag1 Bg5 25. Rh3 Bf6 26. Qd3 Rh6 27. Nf4
Nxd4 28. exd4 Bxd4+ 29. Qxd4 Qxd4+ 30. Nxd4 e5 31. Nxf5 Rh7 32. Nd5 Rf7 33.
Nde7+ Kd7 34. Nxg8 Rxf5+ 35. Ke3 Rf4 36. Rc1 1-0

[Event "Troy (US Am N/4/30)"]
[Site "?"]
[Date "1995.??.??"]
[Round "?"]
[White "Moore, Robert"]
[Black "Vangilder, W."]
[Result "1-0"]
[WhiteElo "1715"]
[BlackElo "1605"]
[PlyCount "53"]
[EventDate "1995.??.??"]

{4/(30)} 1. e4 Nc6 2. d4 d5 3. e5 Bf5 4. c3 e6 5. Nf3 h6 6. h3 Be7 7. Bd3 Be4
8. Qe2 f5 9. Bb5 a6 10. Bxc6+ bxc6 11. Nbd2 c5 12. Nb3 c4 13. Nc5 Bxc5 14. dxc5
Bd3 15. Qd1 Ne7 16. Nd4 Qc8 17. Qh5+ g6 18. Qh4 c6 19. Qf6 Rf8 20. Qxe6 g5 21.
Qxh6 f4 22. Qxg5 Nf5 23. Qg6+ Rf7 24. e6 Nxd4 25. Qxf7+ Kd8 26. e7+ Kc7 27.
e8=Q+ 1-0

[Event "East Lansing (MOR/4/17)"]
[Site "?"]
[Date "1995.??.??"]
[Round "?"]
[White "Moore, Robert"]
[Black "Tsuji, J."]
[Result "1-0"]
[WhiteElo "1700"]
[BlackElo "1605"]
[PlyCount "81"]
[EventDate "1995.??.??"]

{4/(17)} 1. e4 e5 2. Nf3 Nf6 3. Nxe5 d6 4. Nf3 Nxe4 5. d3 Nf6 6. h3 Be7 7. Be2
O-O 8. O-O Nc6 9. Nc3 b6 10. Be3 Bb7 11. a3 Re8 12. Re1 Qd7 13. Qd2 d5 14. d4
Rad8 15. Rad1 Ne4 16. Nxe4 dxe4 17. Nh2 f5 18. c3 Na5 19. Bf4 c5 20. dxc5 Qxd2
21. Rxd2 Rxd2 22. Bxd2 Rd8 23. Bf4 g5 24. Bc7 Rd2 25. cxb6 Rxb2 26. bxa7 Nc6
27. Bb8 Ba8 28. Bc4+ Kf8 29. Bd5 Rd2 30. c4 Bc5 31. Kh1 Ra2 32. Nf1 Bxf2 33.
Rb1 Ke7 34. Rd1 e3 35. Nxe3 Bxe3 36. Bf3 Rxa3 37. Bd6+ Kf6 38. Bxa3 Bf4 39. Bd6
Ke6 40. Bxf4 gxf4 41. c5 1-0

[Event "Flint (MI Senior/3/2)"]
[Site "?"]
[Date "1995.??.??"]
[Round "?"]
[White "Moore, Robert"]
[Black "Thurman, John"]
[Result "0-1"]
[WhiteElo "1700"]
[BlackElo "1735"]
[PlyCount "94"]
[EventDate "1995.??.??"]

{3/(2)} 1. e4 e5 2. Nf3 Nc6 3. Bb5 Nf6 4. O-O d6 5. Re1 Be7 6. h3 O-O 7. c3 a6
8. Ba4 b5 9. Bc2 Na5 10. d4 exd4 11. cxd4 Bb7 12. Nbd2 Rc8 13. Nf1 Nc4 14. b3
Nb6 15. Ng3 c5 16. Nf5 Re8 17. Nxe7+ Rxe7 18. dxc5 dxc5 19. Qxd8+ Rxd8 20. e5
Bxf3 21. gxf3 Rde8 22. f4 Nfd5 23. Bd2 c4 24. bxc4 Nxc4 25. Be4 Ndb6 26. Bb4
Re6 27. Red1 g6 28. Rd4 f6 29. Kf1 fxe5 30. fxe5 Rxe5 31. Bc6 R8e6 32. Rd8+ Kf7
33. Bf3 h5 34. Rad1 Rf5 35. Rf8+ Kg7 36. Rxf5 gxf5 37. Bxh5 Rh6 38. Be2 Rxh3
39. Rd8 Rh1+ 40. Kg2 Rc1 41. Bc5 Rc2 42. Bd4+ Kf7 43. Bh5+ Ke7 44. Rb8 Nd5 45.
Bc5+ Kd7 46. Bg6 Nf4+ 47. Kf3 Nxg6 0-1